Theoreticko-praktická škola na varhany. část praktická / Díl 2. c, 3 fugy s úvodem, op. 59

Hlavní autor: Skuherský, František Zdeněk, 1830-1892
Jazyk: Nelze použít, není lingvistický obsah
Vydáno: Praha : Wetzler, 1884
Fyzický popis: 19 s.
Hudebniny Hudebniny
Uloženo v:
LEADER 00913ncm a22002292a 4500
001 001187159
003 CZ BrMZK
005 20111219105647.0
007 qu
008 050616s1884 xr |||||||||||||| zxx d
040 |a BOA001  |b cze 
072 7 |a 786  |x Hudba pro klávesové nástroje  |2 Konspekt  |9 9 
100 1 |a Skuherský, František Zdeněk,  |d 1830-1892  |7 jk01111653  |4 aut 
245 1 0 |a Theoreticko-praktická škola na varhany.  |n Díl 2. c,  |p 3 fugy s úvodem, op. 59  |h [hudebnina] :  |b část praktická /  |c František Zdeněk Skuherský 
246 3 0 |a 3 fugy s úvodem, op. 59 
260 |a Praha :  |b Wetzler,  |c 1884 
300 |a 19 s. 
910 |a BOA001  |b Mus4-0297.369,2c 
990 |a MU 
991 |b 201112 
996 6 |b 2619565139  |c Mus4-0297.369,2c  |l MZK  |r Sklad / do 1 hodiny  |n 0  |w 001220585  |u 000020  |a 1  |e BOA001  |j MZK50  |s P 
996 6 |b 2619565140  |c Mus4-0297.369,2c  |l MZK  |r Sklad / do 1 hodiny  |n 1  |w 001220585  |u 000010  |a 1  |e BOA001  |j MZK50  |s P